00346 a2200097 4500001001000000005001700010008004100027245010600068100002700174773004700201ART_6011120260410162052.0260409a 10aLey de bases y puntos de partida para la libertad de la libertad de los argentinos. Aspectos fiscales1 aMastandrea, Alberto F.0 tImpuestosg- N° 164 (ene. 2024)wREV45175